Piłkarze z La Ligi w tegorocznym PNA - Statystyki

Ogólne statystyki
  • Ten quiz został rozwiązany 10 razy
  • Średni wynik to 5 z 20
Statystyki odpowiedzi
PIŁKARZ REPREZENTACJA KLUB % Poprawnych
Iñaki Williams Ghana Athletic Bilbao
89%
Youssef En-Nesyri Maroko Sevilla FC
67%
Abde Ezzalzouli Maroko Real Betis
56%
Aïssa Mandi Algieria Villarreal FC
56%
Reinildo Mandava Mozambik Atletico Madryt
56%
Hamari Traoré Mali Real Sociedad
44%
Ilaix Moriba Gwinea Getafe
33%
Jonathan Bamba WKS Celta Vigo
33%
Chadi Riad Maroko Real Betis
22%
Mouctar Diakhaby Gwinea Valencia
22%
Pathe Ciss Senegal Rayo Vallecano
22%
Youssouf Sabaly Senegal Real Betis
11%
Abdel Abqar Maroko Deportivo Alaves
0%
Bebé Republika Zielona Przylądka Rayo Vallecano
0%
Houboulang Mendes Gwinea Bissau UD Almeria
0%
Iddrisu Baba Ghana UD Almeria
0%
Jesús Owono Gwinea Równikowa Deportivo Alaves
0%
Marciano Sanca Gwinea Bissau UD Almeria
0%
Saúl Coco Gwinea Równikowa UD Las Palmas
0%
Selim Amallah Maroko Valencia
0%
Nie znaleziono quizów pasujących do podanych kryteriów
Rozkład punktacji
Procent ludzi z każdym wynikiem
Percentyl według liczby udzielonych odpowiedzi
Twoja historia wyników
Nie rozwiązałeś tego quizu